|
|
|
|
| LEADER |
00597cam a2200193 7i4500 |
| 001 |
0000029876 |
| 005 |
20131202090000.0 |
| 020 |
0 |
0 |
|a 9781461447641
|
| 090 |
0 |
0 |
|a B 327
|b LIN
|
| 245 |
0 |
0 |
|a Linking trade and security :
|b evolving institution and strategies in Asia, Europe and the United States.
|
| 260 |
0 |
0 |
|a New York:
|b Springer,
|c 2013.
|
| 300 |
# |
# |
|a 252 p.
|
| 650 |
0 |
0 |
|a Trade
|
| 650 |
0 |
0 |
|a Security
|
| 650 |
0 |
0 |
|a National security
|
| 650 |
0 |
0 |
|a Pacific Area --
|x Commerce
|
| 700 |
1 |
0 |
|a Aggarwal,
|h Vinod K.
|
| 700 |
1 |
0 |
|a Govella,
|h Kristi
|
| 999 |
|
|
|a B000033148
|b Book
|c Book
|e Business Information Centre
|